书目信息 |
| 题名: |
语言罐头
|
|
| 作者: | 苏冠群 , 李秀兰 主编 | |
| 分册: | ||
| 出版信息: | 呼和浩特 内蒙古人民出版社 1999 |
|
| 页数: | 430页 | |
| 开本: | 20cm | |
| 丛书名: | ||
| 单 册: | ||
| 中图分类: | H119 | |
| 科图分类: | ||
| 主题词: | 汉语--语音 , 汉语--音韵学 | |
| 电子资源: | ||
| ISBN: | 7-204-04393-6 | |
| 000 | 00633nam0 2200229 45 | |
| 001 | 0107101565 | |
| 005 | 20031219104057.0 | |
| 010 | @a7-204-04393-6@b精装@dCNY26.00 | |
| 100 | @a20010710d1999 km y0chiy0120 ea | |
| 101 | 0 | @achi |
| 105 | @a z 000yy | |
| 200 | 1 | @a语言罐头@AYu Yan Guan Tou@f苏冠群,李秀兰主编@FSu Guan Qun,Li Xiu Lan Zhu Bian |
| 205 | @a2版 | |
| 210 | @a呼和浩特@c内蒙古人民出版社@d1999 | |
| 215 | @a430页@d20cm | |
| 606 | 0 | @a汉语@x语音 |
| 606 | 0 | @a汉语@x音韵学 |
| 690 | @aH119@v4 | |
| 701 | 0 | @a苏冠群@4主编 |
| 701 | 0 | @a李秀兰@4主编 |
| 801 | @aCN@bTSTC@c20010710 | |
| 905 | @b313673-677@dH119@e77=2@f5 | |
| 语言罐头/苏冠群,李秀兰主编.-2版.-呼和浩特:内蒙古人民出版社,1999 |
| 430页;20cm |
| ISBN 7-204-04393-6(精装):CNY26.00 |
| ● |
| 相关链接 |
|
|
|
|
正题名:语言罐头
索取号:H119/77=2
 
预约/预借
| 序号 | 登录号 | 条形码 | 馆藏地/架位号 | 状态 | 备注 |
| 1 | 0313673 | 203136739 | 第四借阅区/ [索取号:H119/77=2] | 在馆 | |
| 2 | 0313674 | 203136748 | 第四借阅区/ [索取号:H119/77=2] | 在馆 | |
| 3 | 0313675 | 203136757 | 第四借阅区/ [索取号:H119/77=2] | 在馆 | |
| 4 | 0313676 | 203136766 | 第四借阅区/ [索取号:H119/77=2] | 在馆 | |
| 5 | 0313677 | 203136775 | 第二样本阅览室/ [索取号:H119/77=2] | 在馆 |